Quizzes
Events
Quiz Creation
Community
Videos
Private Events
Remove Ads
Sign In
Join for FREE
Feedback
Dark Mode
Quiz Categories
Sports
Geography
Music
Movies
Television
Just For Fun
Miscellaneous
History
Literature
Language
Science
Gaming
Entertainment
Religion
Holiday
For Kids
Quiz Lab
Recent
Popular Today
Quiz Kudos Today
Editor Picks
Curator Picks
Quizzes by...
Day
Popularity
Type
Ratings
Length
Year
Community
Subscriptions
Recent Discussions
Orange Saloon
Badges
Playlists
Quests
Create
Leaderboards
Showdown
Live 5
Trivia Bingo
Activity
Puzzle Library
Sporcle Events
Private Events
Virtual Trivia
Globe League
Become a Host
Pub Owners
SporcleCon
Opinionation
Our Games
Videos
Blog
Mobile Apps
Partnerships
Remove Ads and Go Orange
Feedback
Geography
Country
Landmarks
City
State
Population
World
Capital
Continent
Flags
Europe
Africa
Asia
South America
North America
Oceania
Border
Canada
United Kingdom
Topography
United States
Geography
Country
Landmarks
City
State
Population
World
Capital
Continent
Flags
Europe
Africa
Asia
South America
North America
Oceania
Border
Canada
United Kingdom
Topography
United States
Random Quiz
Search Sporcle
×
Quiz Lab
Quiz Lab
Geography
Boston
Type in answers that appear in a list
Type in answers that appear in a list
Classic
Best Score? Go Orange.
Boston T Stops Stats
Can you name the stops on the MBTA subway?
By
EvanMatthewLind
15m
119 Questions
829 Plays
829 Plays
829 Plays
Comments
Comments
Give Quiz Kudos
Give Quiz Kudos
-
- Ratings
hide this ad
Replay
Link that replays current quiz
Next Quiz
Link to next quiz in quiz playlist
You Got
0%
They Got
Avg Score
54%
Avg Friend Score
Upgrade to see
Score Distribution
Jump to the score distribution portion of the page
Score
0/119
Timer
15:00
0
Plays Today
Train Line
Stops
% Correct
Green (B)
Harvard
87.9%
Red
Harvard
87.9%
Green (ALL)
Park Street
86.9%
Red
Park Street
86.9%
Green (ALL)
North Station
85.8%
Green (ALL)
Government Center
85.3%
Blue
Government Center
85.3%
Orange
North Station
84.8%
Green (B)
BC
82.9%
Red
South Station
81.5%
Green (ALL)
Copley
80%
Green (B, C, D)
Kenmore
79.9%
Red
Alewife
79.6%
Green (D)
Fenway
79.1%
Green (ALL)
Lechmere
77.9%
Red
Downtown Crossing
77.7%
Orange
Downtown Crossing
77.7%
Red
Charles
76.5%
Green (ALL)
Arlington
75.8%
Green (ALL)
Haymarket
74.9%
Orange
Haymarket
74.9%
Green (ALL)
Boylston
74.4%
Blue
Airport
74.4%
Red
Braintree
74.1%
Blue
Wonderland
72.7%
Blue
Aquarium
72.7%
Green (B)
BU East
70.4%
Red
Kendall
70.2%
Green (B, C, D)
Hynes Convention Center
70.1%
Green (B)
BU West
69.7%
Green (C)
Cleveland Circle
68.2%
Red
Porter
68%
Green (ALL)
Science Park
67.8%
Red
Central
67.8%
Green (D)
Riverside
67.2%
Green (B)
BU Central
66.9%
Red
JFK
66.6%
Orange
State
65.5%
Orange
Chinatown
65.5%
Blue
State
65.5%
Train Line
Stops
% Correct
Red
Davis
65.4%
Red
Ashmont
64.8%
Orange
Forest Hills
63.8%
Orange
Back Bay
62.5%
Green (E)
Prudential
62.1%
Green (E)
Northeastern
60.7%
Green (E)
Symphony
59.3%
Orange
Oak Grove
59.2%
Orange
Ruggles
58.7%
Green (E)
Heath Street
58.1%
Blue
Revere Beach
58.1%
Red
Quincy Center
57.1%
Blue
Bowdoin
57.1%
Orange
Mass Ave
56.2%
Green (E)
Museum of Fine Arts
56%
Green (D)
Longwood
55.7%
Green (E)
Longwood
55.7%
Green (C)
Coolidge Corner
55.1%
Red
Quincy Adams
54.6%
Blue
Maverick
54.5%
Red
Andrew
54%
Orange
Community College
53.9%
Green (D)
Newton Center
53.6%
Red
Broadway
53.1%
Green (D)
Brookline Village
52.5%
Green (B)
Chestnut Hill
51.6%
Green (D)
Chestnut Hill
50.9%
Orange
Malden Center
50.9%
Green (B)
Washington
49.6%
Green (D)
Reservoir
49.3%
Orange
Roxbury Crossing
49.2%
Red
North Quincy
47.8%
Green (C)
St. Mary's
47.6%
Green (D)
Brookline Hills
46.8%
Orange
Sullivan Square
46.8%
Green (B)
St. Paul
46.6%
Green (C)
St. Paul
46.6%
Red
Wollaston
46.2%
Orange
Wellington
45.5%
Green (D)
Waban
43.4%
Train Line
Stops
% Correct
Orange
Green
43.4%
Red
Savin Hill
42.5%
Green (B)
Packards Corner
42.3%
Blue
Orient Heights
41.6%
Green (D)
Newton Highlands
41.4%
Orange
New England Medical Center
41.1%
Blue
Suffolk Downs
40.8%
Green (D)
Eliot
39.7%
Orange
Jackson Square
39.4%
Green (B)
Allston
38.2%
Green (E)
Brigham Circle
37.4%
Green (D)
Woodland
37.3%
Green (B)
Babcock
36.8%
Green (E)
Back of the Hill
36.8%
Orange
Stony Brook
36.6%
Blue
Wood Island
36.3%
Green (D)
Beaconsfield
36.2%
Blue
Beachmont
35.3%
Red
Fields Corner
35.2%
Red
Shawmut
35.2%
Green (B)
Pleasant
33.2%
Green (B)
Blandford Street
32.2%
Green (C)
Washington Square
32%
Green (B)
South Street
30.9%
Green (C)
Kent
29%
Green (B)
Griggs
28%
Green (B)
Warren
27.6%
Green (B)
Chiswick
27.6%
Green (B)
Sutherland
27.1%
Green (E)
Fenwood
26.8%
Green (C)
Summit
26.5%
Green (C)
Hawes
26.4%
Green (C)
Dean
26.3%
Green (E)
Mission Park
25.5%
Green (C)
Tappan
24.8%
Green (E)
Riverway
24.1%
Green (C)
Brandon Hall
23.9%
Green (C)
Englewood
23.4%
Green (C)
Fairbanks
20.5%
Quiz Playlist
Details
Report
Send in Message
Add To Playlist
Classic:
Type in answers that appear in a list
Quiz Source
Last Updated: Feb 16, 2017
Quiz Scoreboard
CHALLENGE
Sign Up to Join the Scoreboard
Show All
Scores
Hide
Comments
May contain spoilers
Recently Published
TV Characters by Other Roles V
by ghcgh
Television
5m
Decade Duel: World Leaders
by jenniferyan
History
4m
Alphabetical 'K' Countries by Flag Minefield
by ylime102
Geography
3m
More to Explore
Quiz From the Vault
Featured Blog Post
15 Basketball Trivia Facts You Can Be March Mad About
hide this ad
You Might Also Like...
Tags
Boston
mbta
stop
Subway
train
Today's Top Quizzes in Geography
Browse Geography
hide this ad
Today's Top Quizzes in Boston
Browse Boston
Top Contributed Quizzes in Geography
1
Countries of the World - No Outlines Minefield
2
'A' Capitals Crossword
3
Countries of the World: 1800
4
Least Populated Answer: 'G' Countries
5
Pick 6: Mountains
6
Alphabetical 'L' Countries By Flag Minefield
7
Pick 6: National Parks
8
Pick 6: US States
9
Alphabetical 'M' Countries By Flag Minefield
10
Lietuvos savivaldybės (Lithuanian Municipalities)
Explore More
Trending Topics
NBA
Marvel
Harry Potter
Kpop
Crossword
Anime
Disney
WWE
The Office
Pokémon
Song
Soccer
Puzzle
NFL
Country
hide this ad
More By:
EvanMatthewLind
Quiz
Plays
Rating
Category
Featured
Created
Boston T Stops
829
4.33
Geography
Jan 24, 2010
Go to Creator's Profile
Score Distribution
Quiz Creator Spotlight
EvanMatthewLind
Follow
Send a Message
Quizzes Created
-
Created Quiz Play Count
-
More By This Creator
Popular Quizzes Today
1
Countries of Asia Without Outlines Minefield
2
Find the US States - No Outlines Minefield
3
Pick 6: Fruits
4
The Countries of the World
5
Find the Countries of Europe - No Outlines Minefield
6
Alphabetical 'K' Countries by Flag Minefield
7
Find the US States
8
US States
More Geography Quizzes
Country Grid: Austria
Curator's Pick
Trending Quizzes
Pick 6: Mountains
Pick 6: Harry Potter
Pick 6: NFL Teams
Pick 6: Flags
C Names for Actors
Recently Updated
Adaptations: Name the Title
pecheneg
NWSL Teams
pecheneg
Women's Final Four Teams by Year
bhenderson79
Presidents Quartet II
eogle
Anything But Clue(do)
eogle
Anything But Oceanian Capitals
eogle
Anything But 7
eogle
Anything But Thing
eogle
Word Ladder: February 29
pecheneg
Song Title Questions
pecheneg
Trending Topics
Crossword
Marvel
Kpop
Anime
Harry Potter
Disney
NBA
Pokémon
Song
The Office
WWE
Country
Soccer
NFL
Puzzle
Your Account Isn't Verified!
In order to create a playlist on Sporcle, you need to verify the email address you used during registration. Go to your
Sporcle Settings
to finish the process.
Report this User
Report this user for behavior that violates our
Community Guidelines
.
Details:
Send Report
Go to the Sporcle.com Mobile Site →
Comments